Dong Thap university journal of science: Natural sciences issue Volume 10 - Number 5
Content: Synchronization in complete networks of ordinary differential equations of FitzHugh-Nagumo type with nonlinear coupling; The decomposition of cyclic modules in weighted Leavitt path algebra of reducible graph; Robust stability of switched positive linear aystems;...
שמור ב:
| פורמט: | ספר |
|---|---|
| שפה: | Vietnamese English |
| יצא לאור: |
Dong Thap
Dong Thap University
2021
|
| נושאים: | |
| תגים: |
הוספת תג
אין תגיות, היה/י הראשונ/ה לתייג את הרשומה!
|
| Thư viện lưu trữ: | Thư viện Trường Đại học Nam Cần Thơ |
|---|
| LEADER | 01124nam a22002177a 4500 | ||
|---|---|---|---|
| 001 | NCT_124758 | ||
| 008 | 200522b xxu||||| |||| 00| 0 vie d | ||
| 999 | |c 6389 |d 6389 | ||
| 022 | |a 0866-7675 | ||
| 041 | 0 | |a eng | |
| 082 | 0 | 4 | |2 23rd ed. |a 378 |b D431T |
| 245 | 0 | 0 | |a Dong Thap university journal of science: |b Natural sciences issue |n Volume 10 - Number 5 |c Dong Thap University |
| 260 | |a Dong Thap |b Dong Thap University |c 2021 | ||
| 300 | |c 27cm | ||
| 362 | |a 10/2021 | ||
| 520 | 3 | |a Content: Synchronization in complete networks of ordinary differential equations of FitzHugh-Nagumo type with nonlinear coupling; The decomposition of cyclic modules in weighted Leavitt path algebra of reducible graph; Robust stability of switched positive linear aystems;... | |
| 655 | |a Tạp chí | ||
| 942 | |2 ddc |c CR | ||
| 952 | |0 0 |1 0 |2 ddc |4 0 |6 378_000000000000000_D431T |7 0 |9 24010 |a 000001 |b 000001 |d 2022-05-16 |o 378 D431T |r 2022-05-16 |w 2022-05-16 |y CR | ||
| 952 | |0 0 |1 0 |2 ddc |4 0 |6 378_000000000000000_D431T |7 0 |9 24011 |a 000001 |b 000001 |d 2022-05-16 |o 378 D431T |r 2022-05-16 |w 2022-05-16 |y CR | ||
| 980 | |a Thư viện Trường Đại học Nam Cần Thơ | ||